Normal view MARC view

Entry Personal Name

Number of records used in: 3

001 - CONTROL NUMBER

  • control field: 22482

003 - CONTROL NUMBER IDENTIFIER

  • control field: dpl

005 - DATE AND TIME OF LATEST TRANSACTION

  • control field: 20100930113557.0

008 - FIXED-LENGTH DATA ELEMENTS

  • fixed length control field: 100930|||a|||||| | ||| d

040 ## - CATALOGING SOURCE

  • Original cataloging agency: dpl
  • Transcribing agency: dpl

100 ## - HEADING--PERSONAL NAME

  • Personal name: Sharma, Subhash

670 ## - SOURCE DATA FOUND

  • Source citation: Work cat.: (dpl): Sharma, Subhash, Leaving the heart behind & other stories, 1997

670 ## - SOURCE DATA FOUND

  • Source citation: Work cat.: (dpl): Sharma, Subhash, Leaving the heart behind & other stories, 1997

© Delhi Public Library
Hit Counter
free hit counter